Geografía de la república argentina : parte física(rossi) /

Guardado en:
Autor Principal: Rossi, Floreal
Formato: Libro
Publicado: Buenos Aires : Stella, 1976
Edición:5a. ed.
Etiquetas: Agregar Etiqueta
Sin Etiquetas, Sea el primero en etiquetar este registro!
LEADER 01998nam a22003975a 4500
001 CEM.cems008739
005 20060214000000.0
008 130507s1976##################000#0#####d
003 CEMS
082 0 4 |a 918.2 
100 1 |a Rossi, Floreal 
245 1 0 |a Geografía de la república argentina :  |b parte física(rossi) / 
250 |a 5a. ed. 
260 |a Buenos Aires :  |b Stella,  |c 1976 
300 |a 486 p.1 
859 |a CEMS  |b BIB. CEMS - 11 de abril  |h 918.2  |i R735a5  |p 11352.82  |t Ej.10 
859 |a CEMS  |b BIB. CEMS - 11 de abril  |h 918.2  |i R735a5  |p 11353.82  |t Ej.11 
859 |a CEMS  |b BIB. CEMS - 11 de abril  |h 918.2  |i R735a5  |p 11354.82  |t Ej.12 
859 |a CEMS  |b BIB. CEMS - 11 de abril  |h 918.2  |i R735a5  |p 12199.83  |t Ej.13 
859 |a CEMS  |b BIB. CEMS - 11 de abril  |h 918.2  |i R735a5  |p 12200.83  |t Ej.14 
859 |a CEMS  |b BIB. CEMS - 11 de abril  |h 918.2  |i R735a5  |p 12201.83  |t Ej.15 
859 |a CEMS  |b BIB. CEMS - 11 de abril  |h 918.2  |i R735a5  |p 12202.83  |t Ej.16 
859 |a CEMS  |b BIB. CEMS - 11 de abril  |h 918.2  |i R735a5  |p 12203.83  |t Ej.17 
859 |a CEMS  |b BIB. CEMS - 11 de abril  |h 918.2  |i R735a5  |p 12204.83  |t Ej.18 
859 |a CEMS  |b BIB. CEMS - 11 de abril  |h 918.2  |i R735a5  |p 12205.83  |t Ej.19 
859 |a CEMS  |b BIB. CEMS - 11 de abril  |h 918.2  |i R735a5  |p 12206.83  |t Ej.20 
859 |a CEMS  |b BIB. CEMS - 11 de abril  |h 918.2  |i R735a5  |p 1228.73  |t Ej.21 
859 |a CEMS  |b BIB. CEMS - 11 de abril  |h 918.2  |i R735a5  |p 5198.76  |t Ej.2 
859 |a CEMS  |b BIB. CEMS - 11 de abril  |h 918.2  |i R735a5  |p 5238.76  |t Ej.1 
859 |a CEMS  |b BIB. CEMS - 11 de abril  |h 918.2  |i R735a5  |p 6878.79  |t Ej.3 
859 |a CEMS  |b BIB. CEMS - 11 de abril  |h 918.2  |i R735a5  |p 7646.80  |t Ej.4 
859 |a CEMS  |b BIB. CEMS - 11 de abril  |h 918.2  |i R735a5  |p 7647.80  |t Ej.5 
859 |a CEMS  |b BIB. CEMS - 11 de abril  |h 918.2  |i R735a5  |p 7648.80  |t Ej.6 
859 |a CEMS  |b BIB. CEMS - 11 de abril  |h 918.2  |i R735a5  |p 7649.80  |t Ej.7 
859 |a CEMS  |b BIB. CEMS - 11 de abril  |h 918.2  |i R735a5  |p 7650.80  |t Ej.8 
859 |a CEMS  |b BIB. CEMS - 11 de abril  |h 918.2  |i R735a5  |p 8777.81  |t Ej.9